000 00896nam a22002657i 4500
003 EG-ScBUE
005 20250720113603.0
008 131222s2008 ii k f 000 0 eng d
020 _a8187815671
040 _aEG-ScBUE
_beng
_erda
_cEG-ScBUE
_dEG-ScBUE
082 0 4 _222
_a541.2230934
_bGAB
100 1 _934737
_aGabba, Renu,
_eauthor.
245 1 0 _aStereo-chemistry :
_b(for B.SC. and M. SC. students of Indian universities) /
_cRenu Gabba.
250 _aFirst edition.
264 1 _aNew Delhi :
_bCampus Books International,
_c2008.
300 _axii, 290 pages :
_bforms ;
_c21 cm
336 _2rdacontent
_atext
_btxt
337 _aunmediated
_2rdamedia
_bn
338 _avolume
_bnc
_2rdacarrier
521 _aFor B.SC. and M. SC. students of Indian universities.
650 7 _934738
_aStereochemistry.
_2BUEsh
653 _cDecember2013
655 _vReading book
_934232
942 _2ddc
_cBB
999 _c17892
_d17864